| 000 | 00590nam a2200157 4500 | ||
|---|---|---|---|
| 082 | 0 | 0 |
_a621.56 _bREE _cL-8, P-10 |
| 245 | 0 | 0 | _aAir conditioning refrigerating data book. |
| 260 |
_a[New York] _bAmerican Society of Refrigerating Engineers, _c1959- [c1958-] |
||
| 300 |
_av. _billus., diagrs. _c29 cm. |
||
| 505 | 1 | _av. 1. Refrigeration applications. | |
| 526 |
_a0 _b0 _c0 _d621_560000000000000_REE |
||
| 650 | 0 |
_aAir conditioning. _919032 |
|
| 650 | 0 |
_aRefrigeration and refrigerating machinery. _919031 |
|
| 710 | 2 |
_aAmerican Society of Refrigerating Engineers. _941896 |
|
| 942 |
_2ddc _cBK |
||
| 999 |
_c545916 _d545916 |
||